|
|
|
|
| LEADER |
00000cam a2200000 7i4500 |
| 001 |
0000003822 |
| 002 |
000004121 |
| 005 |
20000330.0 |
| 020 |
|
|
|a 0340532440
|
| 090 |
0 |
0 |
|a JF
|b PET
|
| 100 |
1 |
|
|a Pettersson, Allan Rune
|
| 245 |
1 |
0 |
|a Frankenstein's aunt returns
|c Allan Rune Pettersson ; translated by Joan Tate
|
| 260 |
|
|
|a London :
|b Hodder & Stoughton ,
|c 1990
|
| 300 |
|
|
|a 141p. ;
|c 23cm.
|
| 650 |
0 |
0 |
|a Children's stories
|
| 700 |
1 |
|
|a Tate, Joan ,
|e translated
|
| 999 |
|
|
|a 032387
|b BUKU
|c PINJAMAN
|e PERPUSTAKAAN KOMUNITI PETALING JAYA
|
| 999 |
|
|
|a 032388
|b BUKU
|c JUNIOR FICTION
|e PERPUSTAKAAN KOMUNITI PETALING JAYA
|
| 999 |
|
|
|a 032389
|b BUKU
|c PINJAMAN
|e PERPUSTAKAAN KOMUNITI PETALING JAYA
|